| 000 | 01137pam a2200301 a 4500 | ||
|---|---|---|---|
| 001 | 1649 | ||
| 005 | 20250423111318.0 | ||
| 020 | _a0786801786 (trade) | ||
| 020 | _a0439109949 | ||
| 040 |
_aDLC _cDLC _dDLC _beng |
||
| 050 | 0 | 0 |
_aML3930.E44 _bP56 1998 |
| 082 | 0 | 0 |
_a781.65092 _aB _220 |
| 100 | 1 | _aPinkney, Andrea Davis | |
| 245 | 1 | 0 |
_aDuke Ellington : _bThe piano prince and his orchestra / _cAndrea Davis Pinkney ; Illustrated by Brian Pinkney. |
| 250 | _aFirst Scholastic printing, September 1999 | ||
| 260 |
_aNew York : _bScholastic , _c1998 . |
||
| 300 |
_a30 unnumbered pages : _bColor illustrations ; _c28 cm |
||
| 505 | _aT | ||
| 520 | _aA brief recounting of the career of this jazz musician and composer who, along with his orchestra, created music that was beyond category. | ||
| 521 |
_a800
_bLexile AD |
||
| 521 |
_aT
_bRaz-Plus |
||
| 650 | 0 |
_aJazz musicians _zUnited States _vBiography _vJuvenile literature. |
|
| 650 | 1 | _aMusicians. | |
| 650 | 1 |
_aAfrican Americans _vBiography. |
|
| 700 | 1 |
_aPinkney, J. Brian _eillustrator |
|
| 906 |
_a7 _bcbc _corignew _d1 _eocip _f19 _gy-gencatlg |
||
| 942 |
_2ddc _cBK _n0 |
||
| 999 |
_c1649 _d1649 |
||